| 000 | 01287nam a22002177a 4500 | ||
|---|---|---|---|
| 005 | 20251210123856.0 | ||
| 010 | _aB-765627-5638 HIN-130623 25BACHN25 | ||
| 020 |
_c995.00 _a9788196363895 |
||
| 035 | _a B-765627-5638 | ||
| 035 | _aHN-102969 | ||
| 037 | _bवैभव पब्लिकेशन्स | ||
| 037 | _bपुस्तक प्रदान अधिनियम प्रभाग | ||
| 082 | _a808.5 | ||
| 100 |
_aत्रिपाठी,ओ.पी. _986019 |
||
| 245 |
_aप्रधानमंत्री मोदी की भाषण कला/ _cओ.पी. त्रिपाठी |
||
| 260 |
_aनई दिल्ली _bवैभव पब्लिकेशन्स _c2024 |
||
| 270 |
_a24/4806, माथुर लेन दरियागंज _bनई दिल्ली _e110002 |
||
| 300 |
_a224पृ. _c23 सेमी (सजिल्द) |
||
| 942 |
_2ddc _cHN _h808.5 _mत्रिपाठी |
||
| 999 |
_c209833 _d209833 |
||